| 000 | 00332nam a2200109Ia 4500 | ||
|---|---|---|---|
| 008 | 230907s9999||||xx |||||||||||||| ||und|| | ||
| 082 |
_a363.73874 _bSUR |
||
| 245 | 0 | _aSurviving climate change : | |
| 260 |
_aPluto Press : | In association with Crisis Forum, _bLondon ; | Ann Arbor, MI : _c2007 |
||
| 300 | _axi, 292 p. : | ||
| 942 | _cBK | ||
| 999 |
_c600081 _d600081 |
||